000 01262nam a2200325 a 4500
003 BLK
005 20230724115111.0
008 180412b bul|||||r ||||||| ||bul||
010 _aKNG00003073000
020 _a954-8993-12-6
040 _aBLK
041 _aBUL
_cBUL
080 _aАмериканска литература (на САЩ)
_b821.111(73)
_x-312.4
_z821.111(73)-312.4
100 1 _aСпилейн, Мики
_eпърви автор
_gМорис, Франк
_9122690
139 _aСпилейн, Мики
_bС 57
245 1 0 _aУбийството
_bКримин. роман
_cМики Спилейн; прев. от англ. Петър Марков.
257 _aUSA
260 _aСофия
_bДедал
_c1994
_fВ. Търново : Абагар
300 _a224 с.
_c20 см
380 _aX
500 _aОриг. загл. The Murder / Mickey Spillane ; Мики Спилейн - псевд. на Франк Морис. - 6 500 тир.
700 1 _aМарков, Петър
_eпрев. от англ.
_9245322
852 _aЦб 176781
_bЦб
856 4 _qpdf
_u
856 4 _qpdf
_u
942 _cKNG
_n0
944 _aCR
_c15.01.2003
_k30534
_lРадостина Карадакова
944 _aED
_c25.02.2008
999 _c2128
_d2128
999 _d2128